00250nam a2200097Ia 4500008004100000041000800041100003000049245002300079260003500102650001500137240109s9999 xx 000 0 und d aeng aBhattacharya and Sengupta aExporters Handbook bGlobal Business Press Delhi95  aManagement